000 00343 a2200169 4500
001 183927
020 _a85-7319-023-X
040 _cMagnum
100 _aVargas, Giselle
240 1 0 _aDia e noite
_lpor
245 1 0 _aDia e noite
300 _a16
362 0 _a1987
440 1 _aDimensão
697 _aLITERATURA INFANTIL
942 _cBK
999 _c183927
_d183927